[Event "SVK-chT2B 1617"]
[Site "Slovakia"]
[Date "2016.10.09"]
[Round "2.6"]
[White "Gyopos, Istvan"]
[Black "Hutyra, Roman"]
[Result "0-1"]
[WhiteElo "1925"]
[BlackElo "1924"]
[PlyCount "130"]
[EventDate "2016.10.08"]
[EventType "team-tourn"]
[EventRounds "11"]
[EventCountry "SVK"]
[SourceTitle "CBM 175 Extra"]
[Source "ChessBase"]
[SourceDate "2016.12.12"]
[SourceVersion "1"]
[SourceVersionDate "2016.12.12"]
[SourceQuality "1"]
[WhiteTeam "Batorove Kosihy"]
[BlackTeam "Povazska Bystrica II"]
[WhiteTeamCountry "SVK"]
[BlackTeamCountry "SVK"]

1. e4 Nf6 2. e5 Nd5 3. d4 d6 4. Bc4 Nb6 5. Bb3 Nc6 6. exd6 cxd6 7. Qf3 d5 8. c3 g6 9. Ne2 Bg7 10. 0-0 0-0 11. Nf4 e6 12. Re1 a5 13. Nd3 a4 14. Bc2 Na5 15. b3 Bd7 16. Ne5 Nc6 17. Ng4 axb3 18. Bxb3 Kh8 19. Ba3 Ne7 20. Nf6 Bc6 21. Qf4 Nc4 22. Bxc4 dxc4 23. Re3 Nd5 24. Nxd5 Qxd5 25. f3 e5 26. dxe5 Qd1+ 27. Kf2 Rxa3 28. Re1 Qc2+ 29. Re2 Qa4 30. Nxa3 Qxa3 31. Qxc4 Qa5 32. Qb4 Qa7+ 33. Qd4 Qb8 34. g3 Re8 35. Rae1 h6 36. c4 Kh7 37. c5 Qc8 38. g4 Bb5 39. Re3 Bf8 40. Qd5 Re6 41. Rc3 b6 42. Qb3 Bxc5+ 43. Kg3 Bc6 44. f4 Qe8 45. Qc2 f6 46. Rxc5 bxc5 47. Qxc5 Qe7 48. Qc3 fxe5 49. Rxe5 Rxe5 50. fxe5 Qe6 51. Qb2 Bd7 52. h3 h5 53. Qe2 Kg7 54. a4 hxg4 55. hxg4 Bxa4 56. Qe4 Bc6 57. Qf4 Qb3+ 58. Kh4 Qf3 59. Qd2 Qh1+ 60. Kg3 Qe4 61. Qb2 Qf3+ 62. Kh4 Qf4 63. Kh3 g5 64. e6+ Qf6 65. Qe2 Qf3+ 0-1

[Event "SVK-chT2B 0607"]
[Site "Slovakia"]
[Date "2007.03.17"]
[Round "10.4"]
[White "Mejsnar, Miroslav"]
[Black "Gyopos, Istvan"]
[Result "0-1"]
[WhiteElo "1819"]
[BlackElo "2075"]
[PlyCount "56"]
[EventDate "2006.10.14"]
[EventType "team-tourn"]
[EventRounds "11"]
[EventCountry "SVK"]
[SourceTitle "EXT 2008"]
[Source "ChessBase"]
[SourceDate "2007.11.25"]
[SourceVersion "1"]
[SourceVersionDate "2007.11.25"]
[SourceQuality "1"]
[WhiteTeam "Povazska Bystrica II"]
[BlackTeam "Batorove Kosihy"]
[WhiteTeamCountry "SVK"]
[BlackTeamCountry "SVK"]

1. d4 f5 2. e4 fxe4 3. Bg5 Nf6 4. c4 c6 5. Nc3 d5 6. h4 Nbd7 7. Nh3 h6 8. Bf4 e6 9. Be2 g6 10. c5 Qe7 11. Bd6 Qf7 12. Bg3 Be7 13. b4 0-0 14. 0-0 Nh7 15. f3 e3 16. Qd3 Bf6 17. Qxe3 Qg7 18. Rad1 e5 19. dxe5 Nxe5 20. Nb1 Bxh3 21. gxh3 Rae8 22. Qb3 Kh8 23. f4 Nd7 24. Bg4 h5 25. Bf3 Qe7 26. f5 Bxh4 27. fxg6 Qg5 28. Qc3+ Nhf6 0-1

[Event "SVK-chT2B 0607"]
[Site "Slovakia"]
[Date "2006.12.16"]
[Round "5.4"]
[White "Pallag, Gergely"]
[Black "Gyopos, Istvan"]
[Result "0-1"]
[WhiteElo "1977"]
[BlackElo "2075"]
[PlyCount "92"]
[EventDate "2006.10.14"]
[EventType "team-tourn"]
[EventRounds "11"]
[EventCountry "SVK"]
[SourceTitle "EXT 2008"]
[Source "ChessBase"]
[SourceDate "2007.11.25"]
[SourceVersion "1"]
[SourceVersionDate "2007.11.25"]
[SourceQuality "1"]
[WhiteTeam "Komarno KSC"]
[BlackTeam "Batorove Kosihy"]
[WhiteTeamCountry "SVK"]
[BlackTeamCountry "SVK"]

1. d4 f5 2. Nc3 e6 3. e4 fxe4 4. Nxe4 Nf6 5. Nxf6+ Qxf6 6. Nf3 Nc6 7. Bg5 Qf7 8. Bc4 d5 9. Bb5 Bd7 10. Qe2 Bd6 11. 0-0 0-0 12. Rac1 Qh5 13. h3 Rxf3 14. Qxf3 Qxg5 15. Bxc6 bxc6 16. c4 Rf8 17. Qc3 Qf4 18. g3 Qf5 19. c5 Be7 20. Kg2 e5 21. g4 Qf4 22. dxe5 Be6 23. Rcd1 Bh4 24. Qe3 Qb4 25. Rd2 Rf4 26. f3 Bg5 27. Qf2 d4 28. Rd3 Bc4 29. a3 Qxc5 30. Rc1 Qd5 31. Rdd1 c5 32. Re1 d3 33. Rcd1 Bb3 34. Rd2 Rc4 35. e6 Be7 36. Qe3 Rc2 37. Kg3 Rxd2 38. Qxd2 Qd6+ 39. f4 Bxe6 40. Re3 c4 41. h4 h6 42. Rf3 Qd4 43. Re3 Kf7 44. f5 Bd6+ 45. Kh3 Bxf5 46. gxf5 Bf4 0-1

[Event "SVK-chT2B 0506"]
[Site "Slovakia"]
[Date "2006.03.11"]
[Round "10.4"]
[White "Gyopos, Istvan"]
[Black "Huliak, Pavol"]
[Result "0-1"]
[WhiteElo "2113"]
[BlackElo "2110"]
[PlyCount "90"]
[EventDate "2005.10.22"]
[EventType "team-tourn"]
[EventRounds "11"]
[EventCountry "SVK"]
[SourceTitle "EXT 2008"]
[Source "ChessBase"]
[SourceDate "2007.11.25"]
[SourceVersion "1"]
[SourceVersionDate "2007.11.25"]
[SourceQuality "1"]

1. e4 c5 2. Nc3 Nc6 3. f4 g6 4. d3 Bg7 5. g3 d6 6. Bg2 Nf6 7. Nf3 Bg4 8. h3 Bd7 9. 0-0 e6 10. Be3 0-0 11. g4 Ne7 12. e5 Nfd5 13. Bd2 Nxc3 14. bxc3 d5 15. d4 Qc7 16. Be1 Rac8 17. Bh4 Nc6 18. Qe1 b6 19. Kh1 h6 20. Bf6 cxd4 21. cxd4 Be8 22. f5 exf5 23. Bxg7 Kxg7 24. gxf5 Nd8 25. Qh4 f6 26. exf6+ Rxf6 27. fxg6 Rf4 28. Qe1 Re4 29. Qb4 Ne6 30. Rfe1 a5 31. Qb3 Qd6 32. Rad1 a4 33. Qd3 Nf4 34. Qd2 Nxg2 35. Qxg2 Qf4 36. Rf1 Bb5 37. Rfe1 Rce8 38. Rxe4 Rxe4 39. Qf2 Be2 40. Re1 Bxf3+ 41. Kg1 Rxe1+ 42. Qxe1 Qxd4+ 43. Kh2 Qe4 44. Qc3+ Kxg6 45. Qc8 Qe5+ 0-1

[Event "SVK-chT2B 0506"]
[Site "Slovakia"]
[Date "2006.02.12"]
[Round "9.5"]
[White "Cvirik, Vladimir"]
[Black "Gyopos, Istvan"]
[Result "0-1"]
[WhiteElo "1980"]
[BlackElo "2113"]
[PlyCount "50"]
[EventDate "2005.10.22"]
[EventType "team-tourn"]
[EventRounds "11"]
[EventCountry "SVK"]
[SourceTitle "EXT 2008"]
[Source "ChessBase"]
[SourceDate "2007.11.25"]
[SourceVersion "1"]
[SourceVersionDate "2007.11.25"]
[SourceQuality "1"]

1. d4 f5 2. c4 e6 3. Nc3 d5 4. Nf3 Nf6 5. Bg5 Be7 6. e3 0-0 7. Qb3 c6 8. cxd5 exd5 9. Bxf6 Rxf6 10. g3 Kh8 11. Bg2 Nd7 12. Qc2 Bd6 13. 0-0 Qe8 14. Ne2 Rh6 15. h4 Nf6 16. Nf4 Ne4 17. Qe2 Qe7 18. a3 Bd7 19. Nd2 g5 20. Nxe4 fxe4 21. hxg5 Qxg5 22. f3 Qxg3 23. Rf2 Rg8 24. Rff1 Bxf4 25. exf4 Qh2+ 0-1

[Event "SVK-chT2B 0506"]
[Site "Slovakia"]
[Date "2005.11.27"]
[Round "4.6"]
[White "Janco, Darius"]
[Black "Gyopos, Istvan"]
[Result "1/2-1/2"]
[WhiteElo "1989"]
[BlackElo "2113"]
[PlyCount "54"]
[EventDate "2005.10.22"]
[EventType "team-tourn"]
[EventRounds "11"]
[EventCountry "SVK"]
[SourceTitle "EXT 2008"]
[Source "ChessBase"]
[SourceDate "2007.11.25"]
[SourceVersion "1"]
[SourceVersionDate "2007.11.25"]
[SourceQuality "1"]

1. e4 e5 2. Nf3 d6 3. d4 exd4 4. Nxd4 Nf6 5. Nc3 Be7 6. Bd3 0-0 7. 0-0 Nbd7 8. Nd5 Nxd5 9. exd5 Ne5 10. Bf5 Bxf5 11. Nxf5 Bf6 12. Rb1 Re8 13. b3 Qd7 14. Ng3 Ng6 15. c4 Re7 16. Bb2 Bxb2 17. Rxb2 Rae8 18. Re2 Nf4 19. Rxe7 Qxe7 20. Qd4 Qg5 21. Qxa7 h5 22. Qxb7 h4 23. Qxc7 hxg3 24. fxg3 Ne2+ 25. Kh1 Nxg3+ 26. hxg3 Qh6+ 27. Kg1 Qe3+ 1/2-1/2

[Event "SVK-ch U18"]
[Site "Slovakia"]
[Date "2003.??.??"]
[Round "?"]
[White "Macak, Stefan"]
[Black "Gyopos, Istvan"]
[Result "1-0"]
[WhiteElo "2230"]
[BlackElo "2012"]
[PlyCount "55"]
[EventDate "2003.??.??"]
[EventType "swiss"]
[EventRounds "9"]
[EventCountry "SVK"]
[SourceTitle "EXT 2006"]
[Source "ChessBase"]
[SourceDate "2005.11.24"]
[SourceVersion "1"]
[SourceVersionDate "2005.11.24"]
[SourceQuality "1"]

1. e4 e5 2. Nf3 Nc6 3. d4 exd4 4. Nxd4 Bc5 5. Nb3 Bb6 6. a4 a6 7. Nc3 d6 8. g3 Nge7 9. Bg2 Be6 10. Nd5 Ba7 11. 0-0 Qd7 12. Bd2 0-0-0 13. Bc3 Ne5 14. Bd4 N7c6 15. Bxa7 Nxa7 16. f4 Ng4 17. Qd4 Nc6 18. Qxg7 Rdg8 19. Qc3 Bxd5 20. exd5 Ne7 21. h3 Nh6 22. g4 Nxg4 23. hxg4 Qxg4 24. Qf3 Qh4 25. Rf2 Rg3 26. Qe4 Rhg8 27. Re1 Nf5 28. Qxf5+ 1-0

[Event "SVK-ch U18"]
[Site "Slovakia"]
[Date "2003.??.??"]
[Round "?"]
[White "Macko, Michal"]
[Black "Gyopos, Istvan"]
[Result "0-1"]
[WhiteElo "2042"]
[BlackElo "2012"]
[PlyCount "88"]
[EventDate "2003.??.??"]
[EventType "swiss"]
[EventRounds "9"]
[EventCountry "SVK"]
[SourceTitle "EXT 2006"]
[Source "ChessBase"]
[SourceDate "2005.11.24"]
[SourceVersion "1"]
[SourceVersionDate "2005.11.24"]
[SourceQuality "1"]

1. e4 e5 2. Nf3 Nc6 3. Bc4 Bc5 4. d3 d6 5. c3 Nf6 6. Bb3 0-0 7. 0-0 Bg4 8. Nbd2 Qd7 9. h3 Bh5 10. g4 Nxg4 11. hxg4 Qxg4+ 12. Kh2 Qf4+ 13. Kh1 Qh6 14. Kg2 Qg6+ 15. Kh2 Bg4 16. Rh1 Bxf2 17. Qf1 Bxf3 18. Qxf2 Qh5+ 19. Kg3 Bxh1 20. Qh2 Qxh2+ 21. Kxh2 Bxe4 22. Nxe4 h6 23. Bd2 Kh7 24. Kg2 f5 25. Ng3 g5 26. Rh1 Kg6 27. Bd1 d5 28. b4 e4 29. d4 f4 30. Nf1 Rh8 31. Bh5+ Kf5 32. Nh2 Ne7 33. Ng4 Ng6 34. Bxg6+ Kxg6 35. Ne5+ Kf6 36. Rh5 Rae8 37. Kh3 Rxe5 38. dxe5+ Kg6 39. Kg4 e3 40. Be1 f3 41. Bg3 f2 42. Rh1 Rf8 43. Rf1 h5+ 44. Kh3 h4 0-1

[Event "SVK-ch U16"]
[Site "Slovakia"]
[Date "2001.02.19"]
[Round "4"]
[White "Gyopos, Istvan"]
[Black "Barilla, Tomas"]
[Result "0-1"]
[WhiteElo "1680"]
[BlackElo "1596"]
[PlyCount "102"]
[EventDate "2001.02.17"]
[EventType "swiss"]
[EventRounds "9"]
[EventCountry "SVK"]
[SourceTitle "EXT 2009"]
[Source "ChessBase"]
[SourceDate "2008.11.26"]
[SourceVersion "1"]
[SourceVersionDate "2008.11.26"]
[SourceQuality "1"]

1. e4 e5 2. Nf3 Nf6 3. Nc3 d6 4. d3 Be6 5. Be2 Be7 6. 0-0 0-0 7. h3 Nc6 8. Nh2 Ne8 9. f4 exf4 10. Bxf4 Bf6 11. Bg4 Ne7 12. d4 Ng6 13. Be3 Bc4 14. Rf2 Bh4 15. Rd2 Bg5 16. Qe1 Bxe3+ 17. Qxe3 Nf6 18. Bf3 Qc8 19. e5 Re8 20. Ng4 Nxg4 21. Bxg4 Qb8 22. b3 Be6 23. Bxe6 Rxe6 24. Rf1 Qe8 25. Nd5 Rc8 26. Rdf2 c6 27. Nf4 Re7 28. Nd3 Rcc7 29. c4 b6 30. Rf5 c5 31. Qg3 dxe5 32. dxe5 Rc6 33. Re1 Rce6 34. Kf1 Qd7 35. h4 Nh8 36. Qf3 Ng6 37. Qe4 Nxh4 38. Rh5 Ng6 39. Nf4 Rc6 40. Nd5 Re8 41. g3 h6 42. Kg2 Ne7 43. Rd1 Qc8 44. g4 Rg6 45. Kg3 Nxd5 46. cxd5 Rd8 47. Rf1 Rxd5 48. e6 Qb8+ 49. Kf3 Rf6+ 50. Ke2 Rxe6 51. Qxe6 fxe6 0-1